Welche Stadt mit P? - Statistiken

Allgemein
  • Dieses Quiz wurde 81 mal gespielt
  • Das Durchschnittsergebnis liegt bei 11 aus 20
Antwortstatistiken
Hinweis Stadt % Korrekt
Ist bekannt für ein schiefes Gebäude Pisa
96%
Hauptstadt von Sizilien Palermo
90%
"Hafen" auf Portugiesisch Porto
90%
Ilz und Inn fließen hier in die Donau Passau
89%
Hier befindet sich die "Karlsbrücke" und der "St. Veits" Dom Prag
89%
Auf polnisch wird die Stadt "Poznan" genannt Posen
85%
Kapstadt, Bloemfontein und ... Pretoria
82%
Hier sitzt eines der deutschen Bistümer Paderborn
72%
War früher mal die Hauptstadt der USA Philadelphia
55%
Landkreis Ludwigslust-... in Mecklenburg-Vorpommern Parchim
44%
Größte Stadt Oregons Portland
44%
Hier befindet sich die Meyer Werft Papenburg
41%
Ist nach einem Vogel aus der griechoschen (und äg.)Mythologie benannt Phoenix
38%
Ist als "Schmuch- und Goldstadt" bekannt Pforzheim
35%
Die nächste Millionenstadt ist etwa 2100km entfernt, was diese Stadt zur isoliertesten Millionenstadt macht Perth
34%
Hauptstadt der F.S. von M. Palikir
27%
Gilt als östlichste Millionenstadt Europas Perm
27%
Gilt als die einzige Hauptstadt mit Regenwald in seinemStadtgebiet Panama-Stadt
25%
Heißt übersetzt "Nördliche Hauptstadt" Peking
23%
Die "Hafenversion" von Los Angeles Port Angeles
13%
Keine übereinstimmenden Quizze gefunden
Verteilung der Resultate
Anzahl Personen mit jedem Resultat
Perzentil nach korrekt beantworteten Fragen
Ihre Resultats-Entwicklung
Sie haben dieses Quiz noch nicht gespielt